MARC details
| 000 -CABECERA |
| campo de control de longitud fija |
02070nam a2200373 a 4500 |
| 001 - NÚMERO DE CONTROL |
| campo de control |
000003859 |
| 005 - FECHA Y HORA DE LA ÚLTIMA TRANSACCIÓN |
| campo de control |
20260408193042.0 |
| 008 - DATOS DE LONGITUD FIJA--INFORMACIÓN GENERAL |
| campo de control de longitud fija |
090714s2006 dr ac 001 0 spa d |
| 020 ## - NÚMERO INTERNACIONAL ESTÁNDAR DEL LIBRO |
| Número Internacional Estándar del Libro |
9945140108 |
| 040 ## - FUENTE DE LA CATALOGACIÓN |
| Centro catalogador/agencia de origen |
DO-SdBNP |
| Lengua de catalogación |
spa |
| Centro/agencia transcriptor |
BNPHU |
| 082 ## - NÚMERO DE LA CLASIFICACIÓN DECIMAL DEWEY |
| Número de clasificación |
355.037293 |
| Número de documento/Ítem |
P227s |
| 100 1# - ENTRADA PRINCIPAL--NOMBRE DE PERSONA |
| Nombre de persona |
Pared Pérez, Sifrido A., |
| Fechas asociadas al nombre |
1957- |
| 9 (RLIN) |
11655 |
| 245 10 - MENCIÓN DE TÍTULO |
| Título |
Seguridad defensa e identidad nacional / |
| Mención de responsabilidad, etc. |
Sifrido A. Pared Pérez ; prólogo Euclides Gutiérrez Félix ; investigación Lilian Bobea, Raúl Benítez Manaut, Rut Diamint. |
| 260 ## - PUBLICACIÓN, DISTRIBUCIÓN, ETC. |
| Lugar de publicación, distribución, etc. |
Santo Domingo : |
| Nombre del editor, distribuidor, etc. |
Instituto Iberoamericano de Inteligencia y Seguridad ; |
| -- |
Comisionado de Apoyo de la Reforma y Modernización de la Justicia, |
| Fecha de publicación, distribución, etc. |
2006. |
| 300 ## - DESCRIPCIÓN FÍSICA |
| Extensión |
467 p. : |
| Otras características físicas |
il., retrs. ; |
| Dimensiones |
23 cm. |
| 500 ## - NOTA GENERAL |
| Nota general |
Incluye referencias bibliográficas y notas al pie de las páginas |
| 504 ## - NOTA DE BIBLIOGRAFÍA, ETC. |
| Nota de bibliografía, etc. |
Bibliografía : p. 465-467 |
| 505 2# - NOTA DE CONTENIDO CON FORMATO |
| Nota de contenido con formato |
El ambiente de seguridad nacional y los elementos que lo propician - La estructura nacional de seguridad y defensa en la República Dominicana -- La cultura de seguridad, defensa e identidad nacional: papel de la educación militar -- La doctrina militar: una respuesta a las amenazas y riesgos -- Seguridad, defensa, identidad y desarrollo nacional -- Lienzos de la identidad dominicana: simbiosis gráfica de historia, patria, defensa y sociedad. |
| 590 ## - NOTA LOCAL (RLIN) |
| Nota local |
Inventariado, 2018/ YL |
| 651 #4 - PUNTO DE ACCESO ADICIONAL DE MATERIA--NOMBRE GEOGRÁFICO |
| Nombre geográfico |
República Dominicana |
| Subdivisión general |
Seguridad Nacional |
| 9 (RLIN) |
11656 |
| 650 #4 - PUNTO DE ACCESO ADICIONAL DE MATERIA--TÉRMINO DE MATERIA |
| Término de materia o nombre geográfico como elemento de entrada |
Identidad nacional |
| Subdivisión general |
Historia |
| Subdivisión geográfica |
República Dominicana |
| 9 (RLIN) |
11657 |
| 650 #0 - PUNTO DE ACCESO ADICIONAL DE MATERIA--TÉRMINO DE MATERIA |
| Término de materia o nombre geográfico como elemento de entrada |
Defensa (Ciencia militar) |
| 9 (RLIN) |
10932 |
| 651 #4 - PUNTO DE ACCESO ADICIONAL DE MATERIA--NOMBRE GEOGRÁFICO |
| Nombre geográfico |
República Dominicana |
| Subdivisión general |
Características Nacionales |
| 9 (RLIN) |
1720 |
| 650 #4 - PUNTO DE ACCESO ADICIONAL DE MATERIA--TÉRMINO DE MATERIA |
| Término de materia o nombre geográfico como elemento de entrada |
Seguridad interior |
| 9 (RLIN) |
11658 |
| 651 #4 - PUNTO DE ACCESO ADICIONAL DE MATERIA--NOMBRE GEOGRÁFICO |
| Nombre geográfico |
República Dominicana |
| Subdivisión general |
Fuerzas Armadas |
| 9 (RLIN) |
11659 |
| 650 #0 - PUNTO DE ACCESO ADICIONAL DE MATERIA--TÉRMINO DE MATERIA |
| Término de materia o nombre geográfico como elemento de entrada |
Identidad nacional |
| 9 (RLIN) |
2163 |
| 650 #4 - PUNTO DE ACCESO ADICIONAL DE MATERIA--TÉRMINO DE MATERIA |
| Término de materia o nombre geográfico como elemento de entrada |
Pintura dominicana |
| 9 (RLIN) |
1858 |
| 650 #4 - PUNTO DE ACCESO ADICIONAL DE MATERIA--TÉRMINO DE MATERIA |
| Término de materia o nombre geográfico como elemento de entrada |
Pintores dominicanos |
| 9 (RLIN) |
11660 |
| 700 1# - PUNTO DE ACCESO ADICIONAL--NOMBRE DE PERSONA |
| Nombre de persona |
Gutiérrez Félix, Euclides, |
| Fechas asociadas al nombre |
1936- |
| Término indicativo de función/relación |
pról. |
| 9 (RLIN) |
5673 |
| 700 1# - PUNTO DE ACCESO ADICIONAL--NOMBRE DE PERSONA |
| Nombre de persona |
Bobea, Lilian |
| 9 (RLIN) |
11661 |
| 700 1# - PUNTO DE ACCESO ADICIONAL--NOMBRE DE PERSONA |
| Nombre de persona |
Benítez Manaut, Rut |
| 9 (RLIN) |
11662 |
| 700 1# - PUNTO DE ACCESO ADICIONAL--NOMBRE DE PERSONA |
| Nombre de persona |
Diamint, Rut |
| 9 (RLIN) |
11663 |
| 910 ## - DATOS DE OPCIÓN DEL USUARIO (OCLC) |
| Datos de opción del usuario |
Validado. Control de calidad. MMOLINA |